MDQL
is popping MORE tags! Check the
thread
!
Quizzes
Events
Quiz Creation
Community
Videos
Private Events
Remove Ads
Sign In
Join for FREE
Feedback
Dark Mode
Quiz Categories
Sports
Geography
Music
Movies
Television
Just For Fun
Miscellaneous
History
Literature
Language
Science
Gaming
Entertainment
Religion
Holiday
For Kids
Quiz Lab
Recent
Popular Today
Quiz Kudos Today
Editor Picks
Curator Picks
Quizzes by...
Day
Popularity
Type
Ratings
Length
Year
Community
Subscriptions
Recent Discussions
Orange Saloon
Badges
Playlists
Quests
Create
Leaderboards
Showdown
Live 5
Trivia Bingo
Activity
Puzzle Library
Sporcle Events
Private Events
Virtual Trivia
Globe League
Become a Host
Pub Owners
SporcleCon
Opinionation
Our Games
Videos
Blog
Mobile Apps
Partnerships
Remove Ads and Go Orange
Feedback
Sports
Athletes
MLB
NBA
NHL
NFL
Soccer
Sports Teams
WWE
NCAA
Football
Premier League
Basketball
Baseball
Hockey
Golf
Tennis
Cricket
Rugby
Auto Racing
Olympics
World Cup
Sports
Athletes
MLB
NBA
NHL
NFL
Soccer
Sports Teams
WWE
NCAA
Football
Premier League
Basketball
Baseball
Hockey
Golf
Tennis
Cricket
Rugby
Auto Racing
Olympics
World Cup
Random Quiz
Search Sporcle
×
Quiz Lab
Quiz Lab
Sports
NBA
Type in answers that appear in a list
Type in answers that appear in a list
Classic
Best Score? Go Orange.
NBA Nicknames Stats
Can you match these nicknames to the nba player?
By
AdamJetsonn
10m
50 Questions
287 Plays
287 Plays
287 Plays
Comments
Comments
Give Quiz Kudos
Give Quiz Kudos
-
- Ratings
hide this ad
Replay
Link that replays current quiz
Next Quiz
Link to next quiz in quiz playlist
You Got
0%
They Got
Avg Score
66%
Avg Friend Score
Upgrade to see
Score Distribution
Jump to the score distribution portion of the page
Score
0/50
Timer
10:00
0
Plays Today
Nicknames
Player
% Correct
Melo
Carmelo Anthony
94.1%
Big Baby
Glen Davis
93.7%
The Brow, Unibrow
Anthony Davis
93.4%
Air Jordan
Michael Jordan
92.3%
CP3
Chris Paul
92%
The King, King James
LeBron James
92%
Black Mamba
Kobe Bryant
91.6%
Durantula
Kevin Durant
91.3%
Superman
Dwight Howard
90.9%
PG-
13
Paul George
88.5%
Linsanity
Jeremy Lin
87.1%
Vinsanity, Air Canada
Vince Carter
85.7%
Swaggy P
Nick Young
85%
Jesus Shuttlesworth, Sugar Ray, Ray Ray
Ray Allen
85%
Uncle Drew
Kyrie Irving
84.3%
Boogie
DeMarcus Cousins
83.3%
The Truth
Paul Pierce
82.2%
Diesel
Shaquille O'Neal
81.5%
Birdman
Chris Anderson
80.8%
The Big Fundamental
Tim Duncan
80.1%
Pistol Pete
Pete Maravich
80.1%
The Logo
Jerry West
79.1%
The Greek Freek
Giannis Antetokounmpo
76.7%
Big Ticket
Kevin Garnett
75.3%
Z-
Bo
Zach Randolph
73.5%
Nicknames
Player
% Correct
Flash
Dwyane Wade
72.8%
The Glide
Clyde Drexler
72.1%
The Admiral
David Robinson
71.8%
J-
Smoove
Josh Smith
70.4%
The Worm
Dennis Rodman
68.3%
Iso Joe
Joe Johnson
66.9%
The Manimal
Kenneth Faried
62.7%
The Iceman
George Gervin
62.4%
Jet
Jason Terry
56.8%
AK47
Andrei Kirilenko
55.1%
The Pearl
Earl Monroe
53%
The Matrix
Shaun Marion
51.6%
The Polish Hammer
Marcin Gortat
49.5%
Big Shot Bob
Robert Horry
47.7%
Gold Dragon
Goran Dragic
40.4%
Darryl Dawkins
Chocolate Thunder
39.4%
The Big Dipper
Wilt Chamberlain
36.9%
The Caveman
Chris Kaman
36.6%
Mr Big Shot
Chauncey Billups
36.2%
The Chief
Robert Parish
31.7%
The Big Kiwi
Steven Adams
25.8%
Psycho T
Tyler Hansbrough
24.7%
Crash
Gerald Wallace
22.6%
The Black Falcon
Harrison Barnes
16.4%
Mighty Mouse
Jameer Nelson
6.3%
Quiz Playlist
Details
Report
Send in Message
Add To Playlist
Classic:
Type in answers that appear in a list
Last Updated: Feb 16, 2017
Quiz Scoreboard
CHALLENGE
Sign Up to Join the Scoreboard
Show All
Scores
Hide
Comments
May contain spoilers
Recently Published
5x2 Blitz: Bands
by SL_Kpop136
Music
30s
Colored Red Africa Blitz
by spor1
Geography
30s
Find the 'City' Movie
by crazypaving
Movies
60s
More to Explore
Quiz From the Vault
Featured Blog Post
14 Easter Pick-up Lines to Find Eggs With
hide this ad
You Might Also Like...
Tags
NBA Quiz
nickname
Player
Today's Top Quizzes in Sports
Browse Sports
hide this ad
Today's Top Quizzes in NBA
Browse NBA
Top Contributed Quizzes in Sports
1
Players with Multiple 50 Home Run Seasons
2
Who Needs Fielders?
3
Criteria MLB: Left Handed Sluggers
4
MLB Players with Two .350 Batting Average Seasons
5
Who Hit More Homers?
6
2020 F1 Drivers Logic Puzzle
7
NBA Teammate Connections
8
Premier League Clubs since 2000 (minefield)
9
MLB Teams by First Game
10
Top 10 NHL Goal Scorers of All Time
Explore More
Trending Topics
Harry Potter
Crossword
Kpop
Disney
Marvel
Anime
NBA
The Office
Pokémon
Puzzle
Soccer
Song
Country
NFL
WWE
hide this ad
More By:
AdamJetsonn
Quiz
Plays
Rating
Category
Featured
Created
NBA Nicknames
287
2.00
Sports
Apr 20, 2016
Go to Creator's Profile
Score Distribution
Quiz Creator Spotlight
AdamJetsonn
Follow
Send a Message
Quizzes Created
-
Created Quiz Play Count
-
More By This Creator
Popular Quizzes Today
1
Find the 'City' Movie
2
5x2 Blitz: Bands
3
Colored Red Africa Blitz
4
The Countries of the World
5
Find the US States - No Outlines Minefield
6
Find the US States
7
9x9 Crossword: Cartoon Network
8
US States
More Sports Quizzes
AFL Teams 2020: Essendon Bombers
Quiz Lab
Trending Quizzes
Colored Red Africa Blitz II
Colored Red Europe Blitz I
Colored Red Africa Blitz III
Colored Red Europe Blitz II
Colored Red Europe Blitz III
Recently Updated
Champions League XIs: Real Madrid
pecheneg
Largest US Cities 1790-2010
pecheneg
Rides in Walt Disney World
pecheneg
Most Oscar Losses (Acting)
pecheneg
Beyoncé Albums
pecheneg
Leaping Animals
pecheneg
Reality TV Shows (A-Z)
bhenderson79
Rickey Henderson's Hall of Fame Teammates
pecheneg
Champions League XIs: Arsenal
pecheneg
Quick Pick: Celebrities in WWE's Hall of Fame
aduchscher
Trending Topics
Harry Potter
NBA
Anime
Kpop
Marvel
Crossword
Disney
Soccer
Country
Pokémon
WWE
NFL
Song
The Office
Puzzle
Your Account Isn't Verified!
In order to create a playlist on Sporcle, you need to verify the email address you used during registration. Go to your
Sporcle Settings
to finish the process.
Report this User
Report this user for behavior that violates our
Community Guidelines
.
Details:
Send Report
Go to the Sporcle.com Mobile Site →
Comments